| LEADER | 00460cam a2200133 7i4500 | ||
|---|---|---|---|
| 001 | 0000031846 | ||
| 005 | 20141119090000.0 | ||
| 090 | 0 | 0 | |a T 382.7 |b REG (SERB) |
| 245 | 0 | 0 | |a Regulation on harmonization of the customs tariff nomenclature for the 2014 : |b Serbia. |
| 260 | 0 | 0 | |a [S.l]: |b [s.n], |c 2014. |
| 300 | # | # | |a [v.p]. |
| 650 | 0 | 0 | |a Tariff -- |z Serbia |
| 999 | |a 0000035180 |b Book |c Tariffs |e Business Information Centre | ||
| 999 | |a 0000035179 |b Book |c Tariffs |e Business Information Centre | ||